000
00288nam a2200133Ia 4500
100
_a
Kaplan jrving
942
_c
BK
654
_a
nuclear
245
_a
Nuclear Physics
260
_b
Narosa publishing house
_a
New Delhi
_c
1990
082
_a
539
_b
KAP
300
_a
770
546
_a
ENGLISH
999
_c
25386
_d
25386